| 000 | 01185nam a2200229Ia 4500 | ||
|---|---|---|---|
| 003 | Ost | ||
| 005 | 20260507075050.0 | ||
| 008 | 260507s9999||||xx |||||||||||||| ||und|| | ||
| 020 | _a9114189957 | ||
| 040 | _cfsecg | ||
| 041 | _aara | ||
| 082 | _a330 | ||
| 100 |
_aالصميدعي، محمود جاسم _eمؤلف |
||
| 245 | 0 |
_aمدخل في الاقتصاد الإداري / _c محمود جاسم الصميدعي |
|
| 260 |
_aعمان: _bدار المناهج للنشر, _c2003 |
||
| 300 |
_a305 صفحة؛ _bإيضاحات ؛ _c24 سم |
||
| 504 | _aببليوغرافيا: ص. 299-305 | ||
| 520 | _aالنظريات الاقتصادية لدراسة وتفسير سلوك المستهلك-الأسعار:المفهوم والأبعاد الاقتصادية-الربح-التنبؤ بالطلب-المنافسة:المفهوم والأنواع-الانتاجية:المفهوم والمقاييس-التكاليف:المفهوم والأبعاد والسلوك-الإعلان-الموازنات التقديرية-الرقابة على الجودة | ||
| 653 | _aالإقتصاد | ||
| 700 |
_aردينة، عثمان يوسف _eمؤلف ثانوي |
||
| 942 | _cكتاب | ||
| 999 |
_c42625 _d42625 |
||